Comentario al libro VII de la metafísica de Aristóteles / (Registro nro. 41516)
[ vista simple ]
| 000 -LEADER | |
|---|---|
| fixed length control field | 01199cam a2200325 i 4500 |
| 001 - CONTROL NUMBER | |
| control field | 41516 |
| 003 - CONTROL NUMBER IDENTIFIER | |
| control field | Mx-PuUPA |
| 005 - DATE AND TIME OF LATEST TRANSACTION | |
| control field | 20251204121557.0 |
| 008 - FIXED-LENGTH DATA ELEMENTS--GENERAL INFORMATION | |
| fixed length control field | 140415s1999 sp gr 001 0 spa d |
| 017 ## - COPYRIGHT OR LEGAL DEPOSIT NUMBER | |
| Copyright or legal deposit number | NA 981 - 1999 |
| 040 ## - CATALOGING SOURCE | |
| Transcribing agency | Mx-PuUPA |
| Original cataloging agency | Mx-PuUPA |
| Language of cataloging | spa |
| Modifying agency | Mx-PuUPA |
| Description conventions | rda |
| 041 1# - LANGUAGE CODE | |
| Language code of text/sound track or separate title | spa |
| Language code of original | und |
| 100 1# - MAIN ENTRY--PERSONAL NAME | |
| Personal name | Aquino, Thomas de, |
| 9 (RLIN) | 17638 |
| Relator term | autor |
| 245 10 - TITLE STATEMENT | |
| Title | Comentario al libro VII de la metafísica de Aristóteles / |
| Statement of responsibility, etc. | Tomás de Aquino ; prólogo, traducción y edición de Jorge Morán |
| 264 #1 - PRODUCTION, PUBLICATION, DISTRIBUTION, MANUFACTURE, AND COPYRIGHT NOTICE | |
| Place of production, publication, distribution, manufacture | Pamplona, España : |
| Name of producer, publisher, distributor, manufacturer | Universidad de Navarra, |
| Date of production, publication, distribution, manufacture, or copyright notice | ©1999 |
| 300 ## - PHYSICAL DESCRIPTION | |
| Extent | 261 páginas ; |
| Dimensions | 22 cm |
| 336 ## - CONTENT TYPE | |
| Fuente | rdacontent |
| Content type term | texto |
| Content type code | txt |
| 337 ## - MEDIA TYPE | |
| Source | rdamedia |
| Media type term | sin medio |
| Media type code | n |
| 338 ## - CARRIER TYPE | |
| Source | rdacarrier |
| Carrier type term | volumen |
| Carrier type code | nc |
| 490 0# - SERIES STATEMENT | |
| Series statement | Cuadernos de Anuario Filosófico ; |
| Volume/sequential designation | 69 |
| 490 0# - SERIES STATEMENT | |
| Series statement | Serie Universitaria |
| 600 04 - SUBJECT ADDED ENTRY--PERSONAL NAME | |
| Personal name | Aristóteles |
| 600 04 - SUBJECT ADDED ENTRY--PERSONAL NAME | |
| Personal name | Aristóteles |
| Dates associated with a name | 384-322 a.C. |
| Form subdivision | Crítica e interpretación |
| 650 #7 - SUBJECT ADDED ENTRY--TOPICAL TERM | |
| Source of heading or term | armarc |
| Topical term or geographic name entry element | Metafísica |
| 700 1# - ADDED ENTRY--PERSONAL NAME | |
| Personal name | Morán, Jorge, |
| Relator term | próloguista |
| -- | traductor |
| -- | editor |
| 942 ## - ADDED ENTRY ELEMENTS (KOHA) | |
| Source of classification or shelving scheme | Dewey Decimal Classification |
| Koha item type | Libro |
| Classification part | 110 |
| Item part | T6618 |
| Withdrawn status | Lost status | Source of classification or shelving scheme | Damaged status | Not for loan | Collection code | Home library | Current library | Shelving location | Date acquired | Source of acquisition | Cost, normal purchase price | Total Checkouts | Full call number | Barcode | Date last seen | Cost, replacement price | Price effective from | Koha item type |
|---|---|---|---|---|---|---|---|---|---|---|---|---|---|---|---|---|---|---|
| Dewey Decimal Classification | General | Biblioteca Karol Wojtyla | Biblioteca Karol Wojtyla | Sala general | 03/12/2013 | Donación | 0.00 | 110 T6618 1999 | 62602 | 19/01/2026 | 0.00 | 03/12/2013 | Libro |